LEADER 01315nam a2200277 u 4500 001 000000115511 003 CaOOAMICUS 005 20090505171603.0 008 090505s2009 it u000 u ita r 040 $aPUL$bita$dLDB 100 1 $aMazzini, Giuseppe,$d1805-1872.$0(OLS)http://pul/name/17409 245 10$aMazzini. 260 $aMilano :$bMondadori,$cc2009. 300 $a1149 p. ;$c18 cm. 490 1 $aI classici collezione del pensiero ;$v52 504 $aInclude riferimenti bibliografici e indici. 505 0 $aCronologia di Mazzini ; Scritti politici / a cura di Terenzio Grandi e Augusto Comba ; prefazione alla seconda edizione di Maurizio Viroli 700 1 $aGrandi, Terenzio.$0(OLS)http://pul/name/40237 700 1 $aComba, Augusto.$0(OLS)http://pul/name/19347 700 1 $aMazzini, Giuseppe,$d1805-1872.$tGruppi, scelte.$0(OLS)http://pul/nameTitle/916$0(OLS)http://pul/name/17409$0(OLS)http://pul/title/132012 830 2$aI classici del pensiero (Mondadori) ;$v52.$0(OLS)http://pul/title/140256 850 $aPUL 852 $aPUL$W1$xSL Filosofia 3$y81$m180 COLL 1.52$j132309$qDDC 21$B131306$CPULBib$Z2$F131306 $H110172 $82 941 1 $a9 996 $6245$aMazzini$9(OLS)http://pul/title/35278 996 $6260$aMilano :$bMondadori$9(OLS)http://pul/publisher/50297 LEADER 01375nam a2200301 a 4500 001 000000122566 003 CaOOAMICUS 005 20100721151340.0 008 100721s2010 it u000 u ita r 020 $a978-88-308-1048-8 040 $aPUL$bita$dReb 082 04$a226.5 100 1 $aVanni, Ugo,$cS.I.$0(OLS)http://pul/name/11979 245 13$aIl tesoro di Giovanni :$bun percorso biblico-spirituale nel Quarto Vangelo /$cUgo Vanni ; a cura di Luca Pedroli. 260 $aAssisi :$bCittadella,$c©2010. 300 $a267 p. ;$c21 cm 490 1 $aOrizzonti biblici$aNuova serie 504 $aBibliografia p. [261]-264. 630 04$aBiblia.$pN.T.$pIohannes$xCritica e interpretazione.$0(OLS)http://pul/subject/37920 700 1 $aPedroli, Luca,$csacerdote,$d1970-$0(OLS)http://pul/name/68757 830 0$aOrizzonti biblici$pNuova serie.$0(OLS)http://pul/title/154448 850 $aPUL 852 $aPUL$W1$xSL Religione 3$y85$m226. 5 VANUG 1$j140769$qDDC 21$B139857$CPULBib$Z2$F139857 $H114132 $82 941 1 $a9 996 $6020$a978-88-308-1048-8$9(OLS)http://pul/number/144973 996 $6082$a226.5$9(OLS)http://pul/classification/641 996 $6245$aIl tesoro di Giovanni :$bun percorso biblico-spirituale nel Quarto Vangelo$9(OLS)http://pul/title/154449 996 $6260$aAssisi :$bCittadella$9(OLS)http://pul/publisher/49668 LEADER 01241nam a2200289 a 4500 001 000000141690 003 CaOOAMICUS 005 20150209143928.0 008 150209s1997 it u000 u ita r 020 $a88-15-06221-1 040 $aPUL$bita 100 1 $aMachiavelli, Niccolò,$d1469-1527.$0(OLS)http://pul/name/12514 245 10$aMandragola /$cNiccolò Machiavelli ; a cura di Giorgio Inglese. 260 $aBologna :$bIl Mulino,$c1997. 300 $a126 p. ;$c19 cm 490 1 $aTesti storici, filosofici e letterari ;$v08 504 $aComprende indicazioni bibliografiche. 700 1 $aInglese, Giorgio.$0(OLS)http://pul/name/61482 710 2 $aIstituto italiano per gli studi storici.$0(OLS)http://pul/name/13583 830 0$aTesti storici, filosofici e letterari (Istituto italiano per gli studi storici) ;$v08.$0(OLS)http://pul/title/21053 850 $aPUL 852 $aPUL$W1$xDP1 Fondo Capitani$y116$m9 A 42$j44549$qFondi$B163513$CPULBib$Z2$F163513 $HCap2293 $82 941 1 $a1 996 $6020$a88-15-06221-1$9(OLS)http://pul/number/156913 996 $6245$aMandragola$9(OLS)http://pul/title/179332 996 $6260$aBologna :$bIl Mulino$9(OLS)http://pul/publisher/47928